000
00259nam a2200109Ia 4500
008
190216s9999||||xx |||||||||||||| ||und||
100
_a
Subhash Mehta
245
0
_a
Easy Concepters Of Series
260
_b
S Chand & Co
650
_a
Computer Science
942
_c
BK
999
_c
8365
_d
8365